Every Capped Wallabies Player - Statistics

General Stats
  • This quiz has been taken 51 times
  • The average score is 153 of 990
Answer Stats
Hint Answer % Correct
370 Bevan Wilson
92%
659 Brian Smith
92%
424 Chilla Wilson
92%
707 Damian Smith
92%
137 David Williams
92%
699 David Wilson
92%
70 Francis Bede Smith
92%
764 George Smith
92%
931 Harry Wilson
92%
664 Ian Williams
92%
973 Jeremy Williams
92%
753 Jim Williams
92%
488 John Williams
92%
71 Lancelot Smith
92%
645 Nick Farr-Jones
92%
187 Norm Smith
92%
511 Phil Smith
92%
537 Reg Smith
92%
615 Steve Williams
92%
890 Toby Smith
92%
172 Tom Smith
92%
306 Vay Wilson
92%
800 Adam Ashley-Cooper
85%
253 | 286 Bill White
85%
15 Charlie White
85%
392 Garth Jones
85%
126 Hubert Jones
85%
63 Jim White
85%
449 Jon White
85%
881 Luke Jones
85%
914 Lukhan Salakaia-Loto
85%
276 Max White
85%
859 Michael Hooper
85%
875 Nic White
85%
486 Peter Jones
85%
830 Quade Cooper
85%
416 Saxon White
85%
728 Stephen Larkham
85%
964 Tom Hooper
85%
896 Allan Alaalatoa
77%
391 Brian Johnson
77%
843 James Slipper
77%
579 Ken Wright
77%
928 Liam Wright
77%
642 Michael Lynagh
77%
329 Paul Johnson
77%
453 Peter Johnson
77%
680 Tim Horan
77%
977 Tom Lynagh
77%
939 Tom Wright
77%
877 Bernard Foley
69%
575 Bob Brown
69%
552 Bruce Brown
69%
623 David Campese
69%
799 Drew Mitchell
69%
717 George Gregan
69%
989 Harry Potter
69%
414 Jim Brown
69%
719 Joe Roff
69%
694 John Eales
69%
775 Mat Rogers
69%
720 Michael Foley
69%
855 Mike Harris
69%
828 Richard Brown
69%
402 Spencer Brown
69%
772 Steve Kefu
69%
741 Toutai Kefu
69%
533 Barry McDonald
62%
675 Brad Burke
62%
344 Cyril Burke
62%
829 David Pocock
62%
319 Jack McDonald
62%
647 James Black
62%
770 Justin Harrison
62%
646 | 710 Matt Burke
62%
780 Matt Giteau
62%
766 Phil Waugh
62%
874 Scott Sio
62%
708 Warwick Waugh
62%
606 Andy Stewart
54%
940 Angus Bell
54%
417 Barry Roberts
54%
852 Beau Robinson
54%
814 Benn Robinson
54%
732 Brett Robinson
54%
749 Chris Latham
54%
688 Ewen McKenzie
54%
986 Hamish Stewart
54%
464 Harry Roberts
54%
580 Ian Robertson
54%
683 Jason Little
54%
524 Keith Bell
54%
836 Kurtley Beale
54%
783 Lote Tuqiri
54%
729 Mark Bell
54%
786 Matt Dunning
54%
445 Peter Dunn
54%
443 Peter James
54%
844 Rob Simmons
54%
831 Sekope Kepu
54%
661 Steve James
54%
759 Stirling Mortlock
54%
898 Tom Robertson
54%
679 Tony Daly
54%
151 Viv Dunn
54%
773 Wendell Sailor
54%
835 Will Genia
54%
845 Ben McCalman
46%
765 Bill Young
46%
625 Gary Ella
46%
621 Glen Ella
46%
867 Israel Folau
46%
744 Jeremy Paul
46%
988 Joseph Sua'ali'i
46%
470 Lloyd McDermott
46%
616 Mark Ella
46%
871 Matt To'omua
46%
984 Max Jorgensen
46%
774 Nathan Sharpe
46%
700 Peter Jorgensen
46%
208 Robert Anderson
46%
929 Rob Valetini
46%
851 Rodney Davies
46%
690 Sam Scott-Young
46%
936 Tate McDermott
46%
693 Viliami "Willie" Ofahengaue
46%
883 Will Skelton
46%
123 Bill Watson
38%
113 Bob Stuart
38%
262 Cam Gordon
38%
967 Carter Gordon
38%
367 Clarrie Davis
38%
761 David Lyons
38%
517 David Taylor
38%
610 Duncan Hall Jr.
38%
742 Elton Flatley
38%
354 Eric Davis
38%
933 Filipo Daugunu
38%
937 Fraser McReight
38%
85 Fred Wood
38%
84 George Watson
38%
411 Gordon Davis
38%
485 Greg Davis
38%
190 Gregor George
38%
108 Harold George
38%
199 Hugh Taylor
38%
248 Jack O'Connor
38%
925 Jake Gordon
38%
832 James O'Connor
38%
399 Jim Phipps
38%
787 John Roe
38%
178 | 539 John Taylor
38%
372 Keith Gordon
38%
419 Ken Donald
38%
938 Lachlan Swinton
38%
696 Marty Roebuck
38%
736 Matt Cockbain
38%
713 Matt O'Connor
38%
915 Matt Philip
38%
608 Michael O'Connor
38%
953 Nick Frost
38%
850 Nick Phipps
38%
725 Richard Harry
38%
467 Robert Potter
38%
558 Robert Wood
38%
756 Rod Moore
38%
568 Roger Davis
38%
873 Scott Fardy
38%
614 Simon Poidevin
38%
796 Stephen Moore
38%
917 Taniela Tupou
38%
150 Tom Davis
38%
4 Walter Davis
38%
256 Walter Phipps
38%
966 Zane Nonggorr
38%
212 Alex Ross
31%
941 Andrew Kellaway
31%
962 Ben Donaldson
31%
727 Ben Tune
31%
820 Berrick Barnes
31%
603 Bill Ross
31%
957 Billy Pollard
31%
49 Billy Richards
31%
389 Bob Davidson
31%
685 Brendan Nasser
31%
426 Brian Ford
31%
135 Bryan Hughes
31%
982 Carlo Tizzano
31%
179 Charlie Thompson
31%
788 Clyde Rathbone
31%
892 Dane Haylett-Petty
31%
951 Dave Porecki
31%
666 David Carter
31%
818 Digby Ioane
31%
265 Eddie Thompson
31%
240 Eric Ford
31%
131 Fred Thompson
31%
551 Gary Grey
31%
599 Geoff Richards
31%
932 Hunter Paisami
31%
224 Jack Ford
31%
78 James Hughes
31%
513 John Cole
31%
141 John Thompson
31%
930 Jordan Petaia
31%
987 Josh Canham
31%
972 Josh Flook
31%
979 Josh Nasser
31%
944 Len Ikitau
31%
398 Mac Hughes
31%
913 Marika Koroibete
31%
636 Mark Harding
31%
745 Nathan Grey
31%
904 Ned Hanigan
31%
376 Peter Thompson
31%
681 Phil Kearns
31%
789 Radike Samo
31%
897 Reece Hodge
31%
965 Richie Arnold
31%
544 Robert Thompson
31%
684 Rod McCall
31%
891 Rory Arnold
31%
879 Sam Carter
31%
893 Samu Kerevi
31%
990 Tane Edmed
31%
872 Tevita Kuridrani
31%
923 Tom Banks
31%
99 Tom Richards
31%
300 Vic Richards
31%
291 Wally Lewis
31%
846 Anthony Fainga'a
23%
30 Bill Webb
23%
918 Brandon Paenga-Amosa
23%
441 Bruce Wells
23%
19 Charles Graham
23%
219 Colin Shaw
23%
980 Darby Lancaster
23%
943 Darcy Swain
23%
823 Dean Mumm
23%
978 Dylan Pietsch
23%
924 Folau Fainga'a
23%
310 Frank O'Brien
23%
526 Geoff Shaw
23%
678 Greg Martin
23%
927 Harry Johnson-Holmes
23%
234 Ian Comrie-Thomson
23%
911 Izack Rodda
23%
657 Jeff Miller
23%
471 Jim Miller
23%
271 Jimmy Clark
23%
210 John Hill
23%
912 Jordan Uelese
23%
942 Lachlan Lonergan
23%
959 Langi Gleeson
23%
861 Liam Gill
23%
969 Matt Faessler
23%
612 Mick Martin
23%
408 Neil Adams
23%
562 Owen Stephens
23%
473 Peter Scott
23%
920 Pete Samu
23%
794 Rocky Elsom
23%
559 Ron Graham
23%
840 Saia Fainga'a
23%
28 Syd Miller
23%
902 Tolu Latu
23%
393 Tony Miller
23%
565 Tony Shaw
23%
895 Adam Coleman
15%
527 Alan Skinner
15%
266 Alan Thorpe
15%
785 Alastair Baxter
15%
92 Albert Burge
15%
8 Alex Kelly
15%
798 Alister Campbell
15%
824 Ben Alexander
15%
842 Ben Daley
15%
640 Bill Campbell
15%
188 Bill Douglas
15%
116 Bob Adamson
15%
5 Charlie Ellis
15%
868 Christian Leali'ifano
15%
747 Chris Whitaker
15%
777 Dan Vickerman
15%
644 Enrique "Topo" Rodriguez
15%
41 Frank Nicholson
15%
62 Fred Nicholson
15%
702 Garrick Morgan
15%
476 Geoff Chapman
15%
536 Geoff Richardson
15%
804 Greg Holmes
15%
97 Herbert Moran
15%
935 Irae Simone
15%
926 Isi Naisarani
15%
971 Issak Fines-Leleiwasa
15%
948 Izaia Perese
15%
356 Jack Baxter
15%
909 Jack Dempsey
15%
819 James Horwill
15%
477 Jim Douglas
15%
960 Jock Campbell
15%
173 Joe Thorn
15%
104 John Campbell
15%
247 John Lamb
15%
968 Josh Kemeny
15%
863 Kane Douglas
15%
905 Karmichael Hunt
15%
446 Keith Ellis
15%
35 Lew Evans
15%
961 Mark Nawaqanitawase
15%
127 Michael McMahon
15%
880 Nathan Charles
15%
791 Nic Henderson
15%
934 Noah Lolesio
15%
74 Peter Burge
15%
569 Peter Horton
15%
573 Ray Price
15%
245 Robert Burge
15%
946 Rob Leota
15%
755 Rod Kafer
15%
158 Roland Raymond
15%
295 Russell Kelly
15%
848 Scott Higginbotham
15%
886 Sean McMahon
15%
520 Stuart Gregory
15%
954 Suliasi Vunivalu
15%
806 Tatafu Polota-Nau
15%
185 Ted Thorn
15%
451 Thomas Baxter
15%
827 Timana Tahu
15%
506 Tony Abrahams
15%
662 Troy Coker
15%
6 William Evans
15%
812 Wycliff Palu
15%
378 Alan Cameron
8%
348 Alan Walker
8%
981 Alex Hodgman
8%
122 Alfred Walker
8%
57 Allen Oxlade
8%
595 Andrew Slack
8%
763 Andrew Walker
8%
974 Angus Blyth
8%
514 Arthur McGill
8%
68 Basil Lucas
8%
869 Ben Mowen
8%
853 Ben Tapuai
8%
260 Bernard Croft
8%
75 Bill Dix
8%
371 Bill Gardner
8%
970 Blake Schoupp
8%
58 Blue Dixon
8%
695 Bob Egerton
8%
9 Bob McCowan
8%
175 Bot Stanley
8%
315 Boyd Oxlade
8%
704 Brett Johnstone
8%
107 Brickey Farmer
8%
342 Bruce Hamilton
8%
919 Caleb Timu
8%
83 Charles Russell
8%
976 Charlie Cale
8%
153 Charlie Fox
8%
128 Claud O'Donnell
8%
910 Curtis Rona
8%
93 Danny Carroll
8%
450 Danny Kay
8%
778 David Croft
8%
734 David Giffin
8%
465 Dick Thornett
8%
862 Dominic Shipperley
8%
375 Donald MacMillan
8%
289 Dooney Hayes
8%
279 Eden Love
8%
564 Eric Tindall
8%
91 Esmond Parkinson
8%
945 Feleti Kaitu'u
8%
236 George Mackay
8%
160 George McKay
8%
3 Ginger Colton
8%
138 Harald Baker
8%
209 Harry Bryant
8%
226 Harry Woods
8%
888 Henry Speight
8%
387 Herb Barker
8%
29 Iggy O'Donnell
8%
975 Isaac Aedo Kailea
8%
397 Jack Carroll
8%
922 Jack Maddocks
8%
363 Jack Marshall
8%
32 Jack O'Donnell
8%
2 James Carson
8%
667 James Grant
8%
955 Jed Holloway
8%
921 Jermaine Ainsley
8%
870 Jesse Mogg
8%
139 Jimmy Flynn
8%
401 Jim Walsh
8%
907 Joe Powell
8%
858 Joe Tomane
8%
442 John Carroll
8%
556 John Cornes
8%
176 Johnnie Wallace
8%
249 John O'Donnell
8%
584 John Ryan
8%
410 John Thornett
8%
884 Joshua Mann-Rea
8%
665 Julian Gardner
8%
816 Julian Huxley
8%
455 Ken Catchpole
8%
349 Kevin Bourke
8%
432 Kevin Ryan
8%
803 Lachlan MacKay
8%
826 Lachlan Turner
8%
950 Lalakai Foketi
8%
629 Lance Walker
8%
184 Larry Newman
8%
484 Les Austin
8%
671 Lloyd Walker
8%
899 Lopeti Timani
8%
856 Luke Morahan
8%
983 Luke Reimer
8%
303 Mac Ramsay
8%
101 Malcolm McArthur
8%
797 Mark Gerrard
8%
420 Max Elliott
8%
782 Morgan Turinui
8%
352 Nicholas Shehadie
8%
864 Nick Cummins
8%
767 Nick Stiles
8%
866 Paddy Ryan
8%
111 Pat Murphy
8%
750 Patricio Noriega
8%
1 Patrick Carew
8%
51 Pat Walsh
8%
308 Paul Collins
8%
502 Paul Gibbs
8%
605 Peter Carson
8%
822 Peter Hynes
8%
669 Peter Kay
8%
626 Peter Lucas
8%
487 Peter Ryan
8%
538 Peter Sullivan
8%
14 Peter Ward
8%
958 Pone Fa'amausili
8%
46 Puddin Colton
8%
152 Ray Elliott
8%
504 Richard How
8%
136 Richard Simpson
8%
838 Rob Horne
8%
668 Rob Lawton
8%
808 Rodney Blake
8%
149 Roy Chambers
8%
839 Salesi Ma'afu
8%
706 Scott Bowen
8%
776 Sean Hardman
8%
985 Seru Uru
8%
849 Sitaleki Timani
8%
45 Snowy Baker
8%
44 Stan Wickham
8%
793 Stephen Hoiles
8%
115 Stephen Slater
8%
229 Syd King
8%
103 Sydney Middleton
8%
889 Taqele Naiyaravoro
8%
22 Thomas Ward
8%
752 Tiaan Strauss
8%
718 Tim Wallace
8%
435 Tony Fox
8%
635 Tony Parker
8%
323 Trevor Allan
8%
120 William Murphy
8%
674 Acura Niuqila
0%
779 Adam Freier
0%
415 Ainslie Sheil
0%
496 Alan Cardy
0%
422 Alan Morton
0%
311 Alby Stone
0%
20 Alec Henry
0%
197 Alexander Armstrong
0%
34 Alex Burdon
0%
53 Alex McKinnon
0%
521 Alex Pope
0%
105 Alf Dunbar
0%
211 Alf Rainbow
0%
251 Alf Smairl
0%
711 Alistair Murdoch
0%
438 Alister Boyd
0%
802 Al Kanaar
0%
330 Allan Livermore
0%
194 Allen Bowers
0%
255 Allen Munsie
0%
733 Andrew Blades
0%
730 Andrew Heath
0%
658 Andrew Leeds
0%
627 Andy McIntyre
0%
609 Anthony D'Arcy
0%
660 Anthony Herbert
0%
26 Arch Boyd
0%
241 Arnold Tancred
0%
64 Arthur Anlezark
0%
324 Arthur Buchan
0%
17 Arthur Corfe
0%
189 Arthur Erby
0%
227 Arthur Finlay
0%
223 Arthur Jamieson
0%
156 Arthur Mayne
0%
102 Arthur McCabe
0%
69 Arthur Penman
0%
431 Arthur Summons
0%
207 Arthur Toby
0%
355 Arthur Tonkin
0%
468 Art Turnbull
0%
287 Aub Hodgson
0%
7 Austin Gralton
0%
519 Barry Honan
0%
555 Barry Stumbles
0%
768 Ben Darwin
0%
447 Beres Ellwood
0%
648 Bill Calcraft
0%
246 Bill Cerutti
0%
125 Bill Cody
0%
427 Bill Gunther
0%
309 Bill Hammon
0%
31 Bill Hardcastle
0%
254 Bill Hemingway
0%
67 Bill Hirschberg
0%
215 Bill Laycock
0%
186 Bill Marrott
0%
589 Bill McKid
0%
296 Bill McLaughlin
0%
332 Bill McLean
0%
320 Bill Monti
0%
130 Bill Tasker
0%
171 Billy Sheehan
0%
72 Blair Swannell
0%
916 Blake Enever
0%
94 Bob Craig
0%
86 Bob Graves
0%
492 Bob Honan
0%
200 Bob Loudon
0%
535 Bob McLean
0%
333 Bob McMaster
0%
454 Bob Outterside
0%
252 Bob Westfield
0%
672 Brad Girvan
0%
769 Brendan Cannon
0%
598 Brendan Moon
0%
652 Brett Papworth
0%
815 Brett Sheehan
0%
388 Brian Cox
0%
583 Brian Mansfield
0%
334 Brian Piper
0%
566 Bruce Battishall
0%
258 Bruce Caldwell
0%
602 Bruce Cooke
0%
225 Bruce Judd
0%
628 Bruce Malouf
0%
530 Bruce Taafe
0%
952 Cadeyrn Neville
0%
738 Cameron Blades
0%
653 Cameron Lillicrap
0%
810 Cameron Shepherd
0%
321 Cecil Ramalli
0%
335 Chappie Schulte
0%
95 Charles Hammand
0%
216 Charles Morrissey
0%
327 Charlie Eastes
0%
110 Charlie Hodgins
0%
42 Charlie Redwood
0%
563 Chris Carberry
0%
876 Chris Feauai-Sautia
0%
600 Chris Handy
0%
80 Chris McKivat
0%
622 Chris Roche
0%
147 Clarrie Prentice
0%
132 Clarrie Wallach
0%
353 Clem Windsor
0%
318 Cliff Lang
0%
142 Clinker Birt
0%
214 Clive Bondfield
0%
159 Clive Farquhar
0%
403 Colin Forbes
0%
337 Colin Windon
0%
947 Connal McInerney
0%
380 Conrad Primmer
0%
860 Cooper Vuna
0%
118 Copper Kent
0%
230 Cyril Towers
0%
493 Dallas O'Neill
0%
90 Dally Messenger
0%
655 Damien Frawley
0%
676 Dan Crowley
0%
198 Danie Erasmus
0%
784 Daniel Heenan
0%
715 Daniel Herbert
0%
721 Daniel Manu
0%
857 Dan Palmer
0%
174 Darby Loudon
0%
686 Darren Junee
0%
548 Dave Burnet
0%
277 Dave Cowper
0%
854 Dave Dennis
0%
425 Dave Emanuel
0%
364 David Brockhoff
0%
634 David Codey
0%
545 David Dunworth
0%
807 David Fitter
0%
494 David Grimmond
0%
587 David Hillhouse
0%
134 David Horadam
0%
651 David Knox
0%
547 David L'Estrange
0%
697 David Nucifora
0%
550 David Rathie
0%
495 David Shepherd
0%
618 Declan Curran
0%
39 Denis Lutge
0%
340 Des Bannon
0%
429 Des Connor
0%
549 Dick Cocks
0%
483 Dick Marks
0%
383 Dick Tooth
0%
677 Dominic Maguire
0%
632 Dominic Vaughan
0%
259 Donald Bull
0%
341 Don Furness
0%
439 Don Logan
0%
448 Don Lowth
0%
413 Don Strachan
0%
232 Don Telford
0%
13 Dooee Tanner
0%
347 Doug Keller
0%
577 Douglas Osborne
0%
285 Doug McLean Jr.
0%
54 Doug McLean Sr.
0%
129 Dudley Suttor
0%
167 Duncan Fowles
0%
358 Eddie Broad
0%
434 Eddie Purkiss
0%
382 Eddie Stapleton
0%
47 Edmund Dore
0%
261 Edward Bonis
0%
38 Edward Larkin
0%
89 Edward Mandible
0%
244 Eric Bardsley
0%
140 Eric Francis
0%
304 Eric Hutchinson
0%
336 Eric Tweedale
0%
18 Ernest Currie
0%
124 Ernie Carr
0%
338 Ernie Freeman
0%
373 Ernie Hills
0%
217 Ernie Reid
0%
204 Ernie Ritchie
0%
908 Eto Nabuli
0%
374 Fabian McCarthy
0%
739 Fili Finau
0%
758 Fletcher Dyson
0%
59 Francis Finley
0%
60 Frank Futter
0%
294 Frank Hutchinson
0%
11 Frank Row
0%
314 Frederick Kerr
0%
112 Frederick Timbury
0%
540 Garrick Fay
0%
588 Gary Pearse
0%
407 Gavan Horsley
0%
257 Geoff Bland
0%
433 Geoffrey Vaughan
0%
161 Geoffrey Wyld
0%
238 Geoff Storey
0%
25 George Bouffler
0%
121 George Pugh
0%
497 George Ruebner
0%
746 Glen Panoho
0%
267 Gordon McGhie
0%
316 Gordon Stone
0%
268 Gordon Sturtridge
0%
771 Graeme Bond
0%
460 Graeme Macdougall
0%
278 Graham Cooke
0%
574 Greg Cornelsen
0%
590 Gregory Shambrook
0%
813 Guy Shepherdson
0%
272 Harold Herd
0%
37 Harold Judd
0%
220 Harold Snell
0%
275 Harold Tolhurst
0%
263 Harry Hamalainen
0%
192 Harry Tancred
0%
182 Henry Pigott
0%
109 Herb Gilbert
0%
205 Hugh Buntine
0%
795 Hugh McMeniman
0%
505 Hugh Rose
0%
837 Huia Edmonds
0%
10 Hyram Marks
0%
491 Ian Moutray
0%
509 Ian Proctor
0%
709 Ilie Tabua Tamanivalu
0%
157 Irving Ormiston
0%
73 Jack Barnett
0%
357 Jack Blomley
0%
183 Jack Bonner
0%
235 Jack Duncan
0%
96 Jack Hickey
0%
48 Jack Hindmarsh
0%
313 Jack Howard
0%
145 Jackie Beith
0%
165 Jackie Shute
0%
283 Jack Kelaher
0%
297 Jack Malone
0%
61 Jack Meibusch
0%
423 Jack Potts
0%
274 Jack Steggall
0%
50 Jack Verge
0%
534 Jake Howard
0%
885 Jake Schatz
0%
865 James Hanson
0%
737 James Holbeck
0%
36 James Joyce
0%
305 Jan McShane
0%
541 Jeff McLean
0%
510 Jeff Sayle
0%
475 Jim Boyce
0%
409 Jim Cross
0%
582 Jim Hindmarsh
0%
430 Jim Lenehan
0%
65 Jimmy Clarken
0%
459 Jimmy Lisle
0%
516 Jim Roxburgh
0%
343 Jim Stone
0%
231 Jim Tancred
0%
177 Jock Blackwood
0%
351 Joe Kraefft
0%
512 John Ballesty
0%
586 John Berne
0%
148 John Bond
0%
396 John Bosler
0%
499 John Brass
0%
624 John Coolican
0%
201 John Crakanthorp
0%
457 John Dowse
0%
88 John Fihelly
0%
691 John Flett
0%
365 John Fogarty
0%
478 John Freedman
0%
518 John Hipwell
0%
168 John Holdsworth
0%
570 John Lambie
0%
740 John Langford
0%
55 John Manning
0%
40 John Maund
0%
572 John Meadows
0%
462 John O'Gorman
0%
395 John O'Neill
0%
406 John Pashley
0%
191 John Pym
0%
81 John Rosewell
0%
366 John Solomon
0%
578 John Weatherstone
0%
731 John Welborn
0%
811 Josh Valentine
0%
490 Jules Guerassimoff
0%
33 Jum Sampson
0%
604 Keith Besomo
0%
361 Keith Cross
0%
379 Keith Gudsell
0%
301 Keith Storey
0%
481 Keith Walsham
0%
307 Keith Windon
0%
384 Keith Winning
0%
100 Ken Gavin
0%
346 Ken Kearney
0%
480 Ken McMullen
0%
221 Ken Tarleton
0%
437 Ken Yanz
0%
444 Kerry Larkin
0%
903 Kyle Godwin
0%
106 Larry Dwyer
0%
133 Larry Wogan
0%
567 Laurie Monaghan
0%
882 Laurie Weeks
0%
452 Len Diett
0%
264 Len Palfreyman
0%
114 Leo Reynolds
0%
901 Leroy Houston
0%
801 Lloyd Johansson
0%
390 Lon Hatherell
0%
12 Lonnie Spragg
0%
119 Lou Meibusch
0%
821 Luke Burgess
0%
243 Malcolm Blair
0%
748 Manny Edmonds
0%
723 Marco Caputo
0%
781 Mark Bartholomeusz
0%
792 Mark Chisholm
0%
754 Mark Connors
0%
656 Mark Hartill
0%
560 Mark Loane
0%
637 Mark McBain
0%
593 Martin Knight
0%
956 Matt Gibbon
0%
790 Matt Henjak
0%
841 Matt Hodgson
0%
714 Matt Pini
0%
312 Max Carpenter
0%
339 Max Howell
0%
239 Merv Rylance
0%
712 Michael Brial
0%
654 Michael Cook
0%
611 Michael Hawker
0%
500 Michael Purcell
0%
542 Mick Barry
0%
322 Mick Clifford
0%
325 Mick Cremin
0%
591 Mick Ellem
0%
553 Mick Freney
0%
613 Mick Mathers
0%
66 Micky Dore
0%
456 Mike Cleary
0%
293 Mike Gibbons
0%
620 Mitchell Cox
0%
735 Mitch Hardy
0%
146 Montagu Massy-Westropp
0%
386 Murray Tate
0%
250 Myer Rosenblum
0%
751 Nathan Spooner
0%
385 Neil Betts
0%
428 Neill Latimer
0%
360 Nev Cottrell
0%
350 Neville Emery
0%
894 Nick Frisby
0%
641 Nigel Holt
0%
649 Nigel Kassulke
0%
164 Norm Mingay
0%
82 Norm Row
0%
474 Norm Storey
0%
21 Norm Street
0%
949 Ollie Hoskins
0%
163 Onslow Humphreys
0%
170 Otto Nothling
0%
270 Owen Bridle
0%
528 Owen Butler
0%
193 Owen Crossman
0%
724 Owen Finegan
0%
585 Paddy Batch
0%
705 Pat Howard
0%
847 Pat McCabe
0%
362 Patrick Harvey
0%
79 Patrick McCue
0%
213 Patrick Mulligan
0%
687 Paul Carozza
0%
689 Paul Cornish
0%
377 Paul Costello
0%
525 Paul Darveniza
0%
703 Paul Kahl
0%
571 Paul McLean
0%
405 Paul Mooney
0%
472 Paul Perrin
0%
834 Pek Cowan
0%
878 Peter Betham
0%
195 Peter Buchanan
0%
482 Peter Crittle
0%
421 Peter Fenwicke
0%
682 Peter FitzSimons
0%
76 Peter Flanagan
0%
619 Peter Grigg
0%
833 Peter Kimlin
0%
596 Peter McLean
0%
515 Peter Reilly
0%
381 Peter Rothwell
0%
557 Peter Rowles
0%
692 Peter Slattery
0%
52 Phil Carmichael
0%
631 Phil Clements
0%
328 Phil Hardcastle
0%
479 Phil Hawthorne
0%
592 Philip Crowe
0%
607 Phillip Cox
0%
368 Ralph Garner
0%
233 Ray Bowden
0%
394 Ray Colbert
0%
181 Reg Ferguson
0%
206 Reg Foote
0%
169 Reg Lane
0%
369 Rex Mossop
0%
906 Richard Hardwick
0%
698 Richard Tombs
0%
498 Ric Trivett
0%
16 Robert Challoner
0%
155 Robert Marrott
0%
466 Rob Heming
0%
507 Rod Batterham
0%
581 Rod Hauser
0%
531 Rod Kelleher
0%
412 Rod Phelps
0%
23 Roger Barton
0%
345 Roger Cornforth
0%
617 Roger Gould
0%
440 Ronald Meadows
0%
282 Ron Biilmann
0%
436 Ron Harvey
0%
299 Ron Rankin
0%
292 Ron Walden
0%
302 Roo Dorr
0%
633 Ross Hanley
0%
643 Ross Reynolds
0%
501 Ross Teitzel
0%
523 Ross Turnbull
0%
359 Roy Cawsey
0%
180 Roy Cooney
0%
203 Roy Hoskins
0%
281 Roy Lindsay
0%
503 Roy Prosser
0%
529 Rupert Rosenblum
0%
546 Russell Fairfax
0%
508 Russell Manning
0%
716 Ryan Constable
0%
825 Ryan Cross
0%
760 Sam Cordingley
0%
817 Sam Norton-Knight
0%
726 Sam Payne
0%
963 Sam Talakai
0%
143 Samuel Kreutzer
0%
805 Scott Fava
0%
673 Scott Gourley
0%
757 Scott Staniforth
0%
900 Sefa Naivalu
0%
43 Sid Riley
0%
24 Sine Boland
0%
166 Slip Carr
0%
594 Stan Pilecki
0%
630 Steve Cutler
0%
576 Steve Finnane
0%
532 Steve Knight
0%
663 Steve Lidbury
0%
722 Steve Merrick
0%
597 Steve Streeter
0%
638 Steve Tuynman
0%
469 Stewart Boyce
0%
543 Stuart Macdougall
0%
237 Stuart McLaren
0%
242 Syd Malcolm
0%
809 Tai McIsaac
0%
117 Ted Fahey
0%
196 Ted Greatorex
0%
458 Ted Heinrich
0%
290 Ted Jessep
0%
461 Ted Magrath
0%
489 Terry Casey
0%
418 Terry Curley
0%
522 Terry Forman
0%
331 Terry MacBride
0%
463 Terry Reid
0%
887 Tetera Faulkner
0%
400 Thomas Sweeney
0%
670 Tim Gavin
0%
701 Tim Kelaher
0%
650 Tim Lane
0%
743 Tom Bowman
0%
77 Tom Griffin
0%
639 Tom Lawton Jnr
0%
154 Tom Lawton Snr
0%
298 Tom Pauling
0%
273 Tom Perrin
0%
554 Tony Gelling
0%
601 Tony Melrose
0%
561 Trevor Stegman
0%
762 Troy Jaques
0%
288 Vince Bermingham
0%
404 Vince Heinrich
0%
56 Voy Oxenham
0%
326 Wal Dawson
0%
228 Wal Ives
0%
27 Wally Cobb
0%
202 Wally Meagher
0%
284 Wal Mackney
0%
218 Wal Rigney
0%
269 Walter Bennett
0%
98 Ward Prentice
0%
162 Watty Friend
0%
280 Weary Dunlop
0%
87 William Canniffe
0%
144 William Morrissey
0%
317 Winston Ide
0%
222 Wylie Breckenridge
0%
No matching quizzes found
Score Distribution
Percent of People with Each Score
Percentile by Number Answered
Your Score History
You have not taken this quiz